| 000 | 00953njm a2200277Ia 4500 | ||
|---|---|---|---|
| 001 | 20952 | ||
| 003 | IT-RoPAU | ||
| 005 | 20220918181126.0 | ||
| 008 | 131025s9999 xx 000 0 und d | ||
| 040 | _aIT-RoPAU | ||
| 040 | _cIT-RoPAU | ||
| 999 |
_c100184 _d100184 |
||
| 999 | _bn.d. | ||
| 100 |
_aAnonimo _9883 |
||
| 100 |
_eAutore musica _94314 |
||
| 100 |
_gCodice autore ausica SPICS: 2620 _94315 |
||
| 245 | _aNorth Yemen (Lp 3C 064-18352) | ||
| 250 | _a1a ed. | ||
| 260 | _aITALIA | ||
| 260 |
_bEMI ITALIANA _c1978 [1a Ed.:1978] |
||
| 300 | _aDISCO | ||
| 500 | _aMusica etnica tradizionale yemenita. | ||
| 505 | _aChargui And Hakif Dances - Ghazal - Zar - Rahil - Aghani Atifi - Mutawal - Yemenite Zafat - Mutawal On the Ud of Sanaa - Ghina; "Ya Rab As'Alak Bil Jalalat" - Hakfat Dance For Two Gasaba | ||
| 650 |
_aETNICA [DISCHI] _eCodice MATERIA SPICS: 9950 _94316 |
||
| 700 |
_aMusical Atlas _gCodice autore SPICS: 11615 _eAutore _94317 |
||
| 942 |
_cMD _2ddc |
||